zpět

Detail výsledku týmu

The PUB Praha 6 PO, Praha

Datum a čas kvízu

41 Celkem bodů Celkový počet nahraných bodů na tomto kvízu bez doplňovacích otázek.
4. Pořadí na kvízu Konečné umístění týmu na tomto kvízu.

Zaznamenané odpovědi

# Otázka Odpověď Body Výsledky
1. Radnice Prahy 3 se dohodla s k... 1 Kč/rok 1
2. Policie vyšetřuje nález stop k... ve Velké Británii 0
3. Ve středu se v České republice... Bryan Adams 0
4. Kanadským výrobcům se kvůli ro... o javorový sirup 1
5. V noci z úterý na středu jsme... Tomáš Hertl 1
6. Ve které zemi rozdává dětem dá... v Itálii 1
7. Lidé na Islandu se drží tradic... C 1
8. Napište, jak se jmenuje nejvýc... Čukotka 0
9. Které pečené zvíře je tradiční... krocan (krůta) 1
10. V Austrálii si lidé dle tradic... B 0